000 00712nam a2200253Ia 4500
003 OSt
005 20220918164742.0
006 a|||||r|||| 00| 0
007 ta
008 220917b |||||||| |||| 00| 0 eng d
020 _a0745617212 (hbk)
024 _a41,735
037 _cTextual
040 _aARTS
_cARTS
_beng
041 _2eng
_aeng
082 _aY:45124.5, N6
100 _aCassese Antonio Ed.
_920478
245 0 _aInhuman states
_b imprisonment, detention and torture in Europe today
260 _aCambridge
_bPolity Press
_c1996
300 _aix,140p.
_ccm.
650 _aSOCIOLOGY
942 _hY:45124.5, N6
_cTEXL
_2CC
999 _c126349
_d126349